000 00490nam a2200169Ia 4500
003 IN-BaIIA
008 211028s9999 xx 000 0 eng d
040 _cIIA Library
080 _a621.396.6
_bRPL
110 _aIndia. The Radio Physics Laboratory
_92242
245 2 _aA text book of radar
_cThe Radio Physics Laboratory
260 _aLondon
_bChapman and Hall
_c1948
300 _a580p.
650 _aNASA Thesaurus
650 _aRadar
_92144
942 _cBK
999 _c1040
_d1040